000
00287nam a22001217a 4500
008
140108t xxu||||| |||| 00| 0 eng d
020
_a
969-35-1576-5
100
_a
pandath rathan nath sarshar
_9
1370
245
_a
Fasana e Azad
300
_a
000
440
_v
vol. II
_9
567
942
_2
ddc
_c
BK
999
_c
16836
_d
16836